The Boy Scouts Book of Campfire Stories (Record no. 255730)
[ view plain ]
| 000 -LEADER | |
|---|---|
| fixed length control field | 01183cam a22002653a 4500 |
| 001 - CONTROL NUMBER | |
| control field | 26475 |
| 003 - CONTROL NUMBER IDENTIFIER | |
| control field | PGUSA |
| 005 - DATE AND TIME OF LATEST TRANSACTION | |
| control field | 20140828083554.0 |
| 008 - FIXED-LENGTH DATA ELEMENTS--GENERAL INFORMATION | |
| fixed length control field | 080829s2008||||xxu|||||s|||||000 | eng d |
| 040 ## - CATALOGING SOURCE | |
| Original cataloging agency | PGUSA |
| Language of cataloging | eng |
| 042 ## - AUTHENTICATION CODE | |
| Authentication code | dc |
| 050 #4 - LIBRARY OF CONGRESS CALL NUMBER | |
| Classification number | PZ |
| 050 #4 - LIBRARY OF CONGRESS CALL NUMBER | |
| Classification number | PN |
| 245 14 - TITLE STATEMENT | |
| Title | The Boy Scouts Book of Campfire Stories |
| Medium | [electronic resource] |
| 260 ## - PUBLICATION, DISTRIBUTION, ETC. (IMPRINT) | |
| Name of publisher, distributor, etc | Project Gutenberg, |
| Date of publication, distribution, etc | 2008 |
| 505 0# - FORMATTED CONTENTS NOTE | |
| Formatted contents note | Silverhorns / Henry van Dyke -- Wild horse hunter / Zane Grey -- Hydrophobic skunk / Irvin S. Cobb -- The ole Virginia / Stewart Edward White -- The weight of obligation / Rex Beach -- That spot / Jack London -- When Lincoln licked a bully / Irving Bacheller -- The end of the trail / Clarence E. Mulford -- Dey ain't no ghosts / Ellis Parker Butler -- The night operator / Frank L. Packard -- Christmas Eve in a lumber camp / Ralph Connor -- The story that the keg told me / Adirondack (W.H.H.) Murray |
| 506 ## - RESTRICTIONS ON ACCESS NOTE | |
| Terms governing access | Public domain in the USA. |
| 516 ## - TYPE OF COMPUTER FILE OR DATA NOTE | |
| Type of computer file or data note | Electronic text |
| 653 ## - INDEX TERM--UNCONTROLLED | |
| Uncontrolled term | Short stories |
| 653 ## - INDEX TERM--UNCONTROLLED | |
| Uncontrolled term | Storytelling |
| 700 1# - ADDED ENTRY--PERSONAL NAME | |
| Personal name | Mathiews, Franklin K. |
| 830 #0 - SERIES ADDED ENTRY--UNIFORM TITLE | |
| Uniform title | Project Gutenberg |
| Volume number/sequential designation | 26475 |
| 856 40 - ELECTRONIC LOCATION AND ACCESS | |
| Uniform Resource Identifier | <a href="http://www.gutenberg.org/ebooks/26475">http://www.gutenberg.org/ebooks/26475</a> |
| 942 ## - ADDED ENTRY ELEMENTS (KOHA) | |
| Koha item type | eBooks |
| Withdrawn status | Lost status | Damaged status | Home library | Current library | Date acquired | Total Checkouts | Date last seen | Price effective from | Koha item type |
|---|---|---|---|---|---|---|---|---|---|
| Project Gutenberg | Project Gutenberg | 08/28/2014 | 08/28/2014 | 08/28/2014 | eBooks |